Grand-Prix die Sebatian Vettel gewonnen hat - Statistiken

Allgemein
  • Dieses Quiz wurde 233 mal gespielt
  • Das Durchschnittsergebnis liegt bei 17 aus 21
Antwortstatistiken
Wins Antwort % Korrekt
3 Italien
96%
1 USA
96%
1 Deutschland
94%
1 Spanien
92%
3 Australien
91%
3 Brasilien
89%
4 Japan
87%
3 Belgien
86%
1 China
85%
5 Singapur
84%
4 Bahrain
83%
2 Kanada
81%
2 Monaco
81%
2 Ungarn
76%
3 VAE
76%
4 Malaysia
75%
3 Indien
73%
2 Großbritannien
68%
1 Türkei
62%
3 Südkorea
56%
2 Europa
41%
Keine übereinstimmenden Quizze gefunden
Verteilung der Resultate
Anzahl Personen mit jedem Resultat
Perzentil nach korrekt beantworteten Fragen
Ihre Resultats-Entwicklung
Sie haben dieses Quiz noch nicht gespielt